000 00620nam a2200229Ia 4500
005 20260429112153.0
008 260429s9999||||xx |||||||||||||| ||und||
020 _a9781032326634
041 _aEnglish
082 _a781.54
_bPAY
100 _aPayling, Dave
245 0 _aElectronic visual music :
_bthe elements of audiovisual creativity /
_cDave Payling
250 _a1st ed.
260 _aLondon :
_bRoutledge,
_c2024.
300 _aix, 154 p.; pbk
440 _aSound design
650 _a Audiovisual
650 _a Electronic
650 _aVisual music
700 _aFilimowicz, Michael
942 _cTB
999 _c52711
_d52711